Villes les plus chères d'Île-de-France - Statistiques

Statistiques générales
  • Ce quiz a été pris 75 fois
  • Le résultat moyen est 11 sur 20
Statistiques - réponses
Classement Département Prix immobilier moyen Ville % Correct
2 75 10 271 Paris
99%
18 78 6 509 Versailles
94%
1 92 10 306 Neuilly-sur-Seine
90%
4 92 8 648 Boulogne-Billancourt
85%
3 92 9 093 Levallois-Perret
69%
6 94 8 438 Vincennes
63%
7 92 7 770 Issy-les-Moulineaux
60%
14 92 6 767 Puteaux
58%
9 92 7 135 Montrouge
54%
15 92 6 690 Courbevoie
51%
10 92 7 004 Saint-Cloud
51%
5 94 8 507 Saint-Mandé
51%
12 92 6 827 Suresnes
48%
11 92 6 846 Vanves
40%
19 92 6 504 Sceaux
37%
13 92 6 785 Malakoff
36%
20 92 6 467 Bois-Colombes
34%
8 94 7 402 Charenton-le-Pont
34%
17 93 6 515 Les Lilas
27%
16 92 6 583 La Garenne-Colombes
21%
Aucun quiz correspondant
Distribution des résultats
% des personnes avec chaque résultat
Percentile par nombre de réponses
Votre historique - résultats
Vous n’avez pas pris ce quiz